000 00556cam a22001457a 4500
008 180718b1991 xxu||||| |||| 00| 0 eng d
082 _aU6 P939
100 _aXuewu, Diao
245 _aPersonnel management reform and personnel resources development in China's state-owned enterprises
260 _aNew Delhi
_bOxford & IBH
_c1991
300 _ap.155-62
500 _a[In] Privatisation and public enterprise: the Asia-Pacific experience, edited by Geeta Gouri
650 _aGovernment Business Enterprise - China
650 _aPersonnel Management - China
999 _c376728
_d376728